[Event "XII Closed IM BCC 2021"]
[Site "Barcelona"]
[Date "2021.03.20"]
[Round "6.3"]
[White "Garcia Ramos, Daniel"]
[Black "Benedetti, Julio"]
[Result "1/2-1/2"]
[WhiteElo "2412"]
[BlackElo "2282"]
[Annotator "TA"]
[PlyCount "107"]
[EventDate "2021.03.15"]
[EventType "tourn"]
[EventCountry "ESP"]
[SourceTitle "playchess.com"]
[Source "ChessBase"]
[SourceQuality "1"]

{[%evp 15,107,25,33,14,0,0,0,-19,0,-7,-6,-6,0,0,0,-1,0,-20,7,13,32,27,22,0,0,-12,22,0,0,-12,68,82,98,99,118,112,115,100,116,115,148,150,119,141,106,104,119,103,144,133,119,128,250,60,53,62,59,18,137,89,83,118,77,63,72,96,163,149,137,0,0,-25,0,0,0,0,0,0,0,-18,8,13,26,26,16,0,0,0,0,0,0,0,0,0]} 1. e4 c5 2. Nf3 e6 3. d4 cxd4 4. Nxd4 Nc6 5. Nc3 Qc7 6. g3 a6 7. Bg2 Nf6 8. O-O Be7 {8...Be7 was played by the boomers.} 9. Nxc6 {B47: Sicilian: Taimanov: 5 Nc3 Qc7 6 f4, 6 g3 and 6 Be2.} dxc6 10. Qe2 e5 {[#]} 11. Nd1 $146 {[%cal Bc3d1,Bd1e3,Be3c4][%mdl 32]} ({Predecessor:} 11. a4 O-O 12. h3 Ne8 13. Be3 a5 14. Kh2 Be6 15. b3 Nd6 16. f4 f6 17. Rad1 {0-1 (34) Baltaci,I (2014)-Temel,B (1796) Antalya 2019}) 11... Bg4 12. Bf3 Bh3 13. Re1 h5 14. Ne3 g6 15. Bd2 a5 16. a3 Nd7 17. b4 Nf8 18. Nc4 a4 19. Bc3 f6 20. Rad1 Be6 21. Rd2 b5 22. Ne3 Qc8 ({Better is} 22... Nd7 $11) 23. Bb2 $14 h4 24. c4 bxc4 25. Nxc4 hxg3 26. fxg3 Qc7 27. Red1 Kf7 28. Bg4 $1 {[%cal Rg4e6]} Rd8 29. Rxd8 Bxd8 30. Kg2 Be7 31. Rf1 Kg7 32. Bxe6 $1 Nxe6 33. Qg4 $1 {[%cal Rg4e6]} Nf8 {[#]} (33... Nd4 $16 {was worth a try.}) 34. Qf3 $2 (34. Nxe5 $1 $18 {[%mdl 512]} c5 (34... Rh7 35. Nc4) 35. b5 $1) 34... Qd7 35. h4 Qe6 36. Rc1 Kg8 (36... c5 $11) 37. Ne3 Kf7 38. Qe2 Nd7 39. Qc2 c5 $1 40. Qxa4 g5 {[#]} (40... Nb6 $16 41. Qa6 cxb4) 41. b5 $1 $18 Nb6 {[#]} 42. Qd1 (42. Qc2 $1 $16) 42... gxh4 $11 43. Nf5 hxg3 {...Kf8 is the strong threat.} 44. Qg4 {And now Qg7+ would win.} Rh2+ 45. Kxg3 Rh7 46. Qf3 Ke8 47. Rc2 Qg8+ 48. Qg4 $1 {[%cal Rg4g8]} Qb3+ 49. Rc3 Qf7 ({Not} 49... Qxb2 $2 50. Qg8+ Bf8 51. Nd6+ Kd7 52. Qxh7+ Be7 53. Rd3 $18) 50. Rd3 {The position is equal.} ({Avoid the trap} 50. Nxe7 $2 Rg7 $19) 50... Rh8 51. Ng7+ Kf8 52. Ne6+ Ke8 {White must now prevent ...Rg8.} 53. Nc7+ Kf8 {aiming for ...Rg8.} 54. Ne6+ {Weighted Error Value: White=0.15/Black=0.19} 1/2-1/2

[Event "XII Closed IM BCC 2021"]
[Site "Barcelona"]
[Date "2021.03.20"]
[Round "6.4"]
[White "Gines Esteo, Pedro Antonio"]
[Black "Serra Canals, Oriol"]
[Result "1-0"]
[WhiteElo "2443"]
[BlackElo "2220"]
[Annotator "NA"]
[PlyCount "77"]
[EventDate "2021.03.15"]
[EventType "tourn"]
[EventCountry "ESP"]
[SourceTitle "playchess.com"]
[Source "ChessBase"]
[SourceQuality "1"]
[TimeControl "5400+30"]

1. d4 e6 2. c4 d5 3. Nc3 Be7 4. cxd5 exd5 5. Bf4 c6 6. e3 Bd6 7. Bxd6 Qxd6 8. Bd3 Ne7 9. Qb3 Nd7 10. Nf3 Nb6 11. a4 Bf5 12. Bxf5 Nxf5 13. a5 Nc4 14. e4 dxe4 15. Nxe4 Qe7 16. O-O Qxe4 17. Rae1 Nce3 18. fxe3 O-O 19. Qxb7 Rab8 20. Qxa7 Rxb2 21. Rf2 Rxf2 22. Kxf2 Re8 23. Ne5 Nd6 24. Qd7 Qd5 25. Kg1 Qxa5 26. Rf1 Qa3 27. Nc4 Qd3 28. Nxd6 Qxe3+ 29. Kh1 Rf8 30. Qg4 Qd3 31. Qf4 f6 32. Qf5 Qxf5 33. Nxf5 Kf7 34. Re1 Rd8 35. g4 g6 36. Re7+ Kf8 37. Rxh7 Kg8 38. Rg7+ Kh8 39. Rxg6 1-0

[Event "XII Closed IM BCC 2021"]
[Site "Barcelona"]
[Date "2021.03.20"]
[Round "6.5"]
[White "Alvarez Albiol, Victor"]
[Black "Martin Barcelo, Carles"]
[Result "1-0"]
[WhiteElo "2246"]
[BlackElo "2258"]
[Annotator "TA"]
[PlyCount "139"]
[EventDate "2021.03.15"]
[EventType "tourn"]
[EventCountry "ESP"]
[SourceTitle "playchess.com"]
[Source "ChessBase"]
[SourceQuality "1"]

{[%evp 10,139,13,12,25,21,18,22,25,0,1,13,13,21,23,13,20,7,21,20,24,12,22,19,26,20,27,10,43,43,36,40,42,34,43,36,52,41,34,39,85,82,114,120,133,133,118,120,126,126,138,126,208,158,159,157,158,162,216,85,73,70,103,97,104,87,120,123,112,62,74,22,60,0,0,0,60,12,62,8,16,0,20,20,155,20,20,20,52,53,83,83,1005,912,925,809,651,168,173,187,187,172,520,62,72,52,336,335,334,352,366,299,340,293,232,235,428,427,389,372,368,356,642,598,2081,2081,29975,29976,29991,29992,29992,29993]} 1. e4 e6 2. d4 d5 3. Nd2 c5 4. Ngf3 cxd4 5. exd5 Qxd5 6. Bc4 Qd7 {C07: French Tarrasch: 3...c5, 4 Ngf3 and 4 exd5 Qxd5.} 7. O-O Nc6 8. Nb3 Nf6 {The position is equal.} 9. Qe2 a6 10. a4 Bd6 11. Rd1 e5 12. Nbxd4 O-O 13. Nxc6 Qxc6 14. Bg5 Bc7 {With the idea ...e4.} 15. h3 e4 16. Nd2 {[#]} Qd6 $146 {( -> ...Qh2+)} ({Predecessor:} 16... Bf5 17. Nf1 h6 18. Bh4 Bg6 19. Ne3 Bh5 20. g4 Bg6 21. Nd5 Nxd5 22. Bxd5 Qe8 {1-0 (50) Bocharov,I (2559)-Iljiushenok,I (2539) Khanty-Mansiysk 2020}) 17. Nf1 Qe5 18. Bxf6 Qxf6 19. Qxe4 $40 {[%mdl 128] White is up to no good.} Qxb2 20. Bd5 Qe5 21. Bxb7 Rb8 22. Bd5 Bf5 23. Qxe5 Bxe5 24. Ra2 Bc3 25. Ne3 Bg6 26. Bc4 a5 27. Nd5 Bb4 28. Nxb4 Rxb4 29. Bb5 Rc8 30. c4 f6 (30... Kf8 $16 31. Rd7 Bf5) 31. Rad2 Bf5 32. Re1 Kf7 33. g4 Be6 {[#]} (33... Rb1 $142 34. Rxb1 Bxb1) 34. Rc1 (34. Rxe6 $1 $18 {[%mdl 512] has better winning chances.} Rxb5 35. Rxf6+ $3 {[%mdl 512]} (35. cxb5 Kxe6 36. Kg2 Rc4 $16) 35... Kxf6 36. cxb5) 34... h5 $16 35. f3 hxg4 36. hxg4 ({But not} 36. fxg4 Rb3 $11) 36... Rc5 37. Kf2 f5 38. gxf5 Bxf5 39. Rc3 Be6 40. Ke3 (40. Re2 $16) 40... g5 41. Kd4 Rd5+ 42. Ke3 Rc5 43. Rd4 Kf6 44. Kd2 (44. Rd8 $14) 44... Rb2+ $11 45. Rc2 Rb4 46. Kc3 Kf5 (46... Rf5 $11 47. Rf2 Rb1) 47. Rb2 (47. f4 $1 $16) 47... Rxb2 48. Kxb2 {[%mdl 4096] Endgame KRB-KRB} Ke5 49. Kc3 Bf5 50. Rd8 {Black must now prevent Rg8.} Kf4 $2 {[%mdl 8192]} (50... Be6 $16) 51. Kd4 $1 $18 Re5 52. Rf8 Re1 53. c5 $2 (53. Kc5) 53... Rd1+ 54. Kc4 Ke5 55. Re8+ $1 Kf4 $2 (55... Be6+ {is more resistant.} 56. Kc3 Rc1+ 57. Kb2 Rxc5) 56. Bc6 $2 (56. c6 $18) 56... Bd3+ $1 $14 57. Kc3 Bg6 $2 {[%mdl 8192] [#]} ({Black should try} 57... Bf5 $1 $14) 58. Re7 $1 $18 Rc1+ 59. Kd4 Rd1+ 60. Kc4 Bd3+ 61. Kc3 Bf5 {[#]} 62. Bb7 $1 Rc1+ $2 (62... Bd7 63. Kb2 Bf5) 63. Kd4 Ra1 64. c6 Rxa4+ 65. Kc5 {Strongly threatening Rf7.} Kxf3 $2 (65... Ra1 66. c7 Rc1+ 67. Kb6 Rb1+ 68. Ka6 Rc1) 66. c7+ Kg3 67. Re5 Bh3 68. Re3+ {White mates.} Kf2 69. Rxh3 Ra1 70. Rc3 {Weighted Error Value: White=0.38/Black=0.33} 1-0

[Event "XII Closed IM BCC 2021"]
[Site "Barcelona"]
[Date "2021.03.21"]
[Round "7.1"]
[White "Martin Barcelo, Carles"]
[Black "Girel, Joseph"]
[Result "1/2-1/2"]
[WhiteElo "2211"]
[BlackElo "2310"]
[Annotator "TA"]
[PlyCount "124"]
[EventDate "2021.03.15"]
[EventType "tourn"]
[EventCountry "ESP"]
[SourceTitle "playchess.com"]
[Source "ChessBase"]
[SourceQuality "1"]

{[%evp 19,124,-10,0,-9,0,-9,0,0,0,-12,4,0,0,-17,-13,-18,14,-137,-111,-127,-81,-93,-68,-416,-416,-410,-431,-431,-418,-420,-423,-368,-150,-289,-300,-299,-297,-297,0,-8,-8,-8,-8,-8,-8,-8,0,0,0,0,0,0,31,8,8,8,8,8,8,8,57,0,0,0,0,0,0,0,0,0,0,0,0,0,0,0,0,0,0,0,0,0,0,0,0,0,0,0,0,0,0,0,0,0,0,0,0,0,0,0,0,0,0,0,0,0,0]} 1. e4 e5 2. Nf3 Nc6 3. Bb5 a6 4. Ba4 Nf6 5. O-O b5 6. Bb3 Bc5 7. d3 d6 8. a4 Rb8 9. axb5 axb5 10. Be3 {was the old line (10.c3).} O-O 11. Nbd2 {C78: Ruy Lopez: Archangelsk and Möller Defences.} h6 12. h3 Re8 13. Re1 {[#]} Bxe3 $146 ({Predecessor:} 13... Nd7 14. Nf1 Bb6 15. Qd2 Qf6 16. c3 Nc5 17. Bd1 Be6 18. Qe2 d5 19. b4 Nd7 {0-1 (54) Yeo,M (2245)-Degraeve,J (2551) Mallorca 2004}) 14. Rxe3 d5 15. exd5 Nxd5 16. Re1 Nf4 17. Ne4 Nd4 18. Ned2 $2 (18. Nxd4 $11 Qxd4 19. h4) 18... Nxb3 $17 19. Nxb3 Qf6 20. Kh2 Qf5 $40 {[%mdl 128] Black attacks.} 21. Nbd2 $2 {[%mdl 8192] [#]} (21. Ng1 $15) 21... Nxg2 $1 $19 {[%mdl 512]} 22. Kxg2 Qxh3+ 23. Kg1 Rb6 24. Nf1 (24. Nxe5 {[#] leads to mate.} Rxe5 $1 {[%mdl 512]} 25. Re3 Rxe3 26. Qh5 Qxh5 27. Nf1 Rg6+ 28. Ng3 Rgxg3+ 29. fxg3 Rxg3+ 30. Kf2 Qh2+ 31. Kf1 Rg1#) 24... Rg6+ ({Don't play} 24... Bb7 25. Ng3) 25. Ng3 h5 (25... Bb7 $19 {...Rxg3+ is the strong threat.} 26. Re4 f5) 26. Re4 (26. Re3 $17 {keeps fighting.} h4 {[%mdl 64] Pin} 27. Qf1 Qxf1+ 28. Kxf1 hxg3 29. fxg3) 26... Rxg3+ 27. fxg3 Qxg3+ 28. Kf1 Bh3+ $2 ({Black should play} 28... Bg4 $19 29. Rxg4 hxg4) 29. Ke2 $11 {Threatens to win with Qg1.} f5 30. Qg1 Qxg1 31. Nxg1 Bg4+ 32. Rxg4 $1 hxg4 {[%mdl 4096] Endgame KRN-KR} 33. Kf2 Kh7 34. Ne2 Kg6 35. Ra5 Rh8 36. Kg1 c6 37. Ra6 f4 38. Rxc6+ Kf5 39. Rc5 f3 {[#]} 40. d4 $1 fxe2 {The position is equal.} 41. Rxe5+ {KR-KR} Kf4 {White must now prevent ...Kf3.} 42. Rxe2 Kf3 43. Rf2+ Kg3 44. Rg2+ Kf3 45. Rf2+ Kg3 {( -> ...Rh1+!)} 46. Rd2 Kf4 47. d5 Ke5 48. Rg2 Rh4 49. Rd2 Rh6 50. Kg2 Rd6 51. Kg3 Rxd5 52. Re2+ Kf5 53. Rf2+ Kg5 54. Rf4 Kh5 (54... g6 {is more complex.} 55. Rxg4+ Kf5 56. Kf3 g5 57. Rb4 Kf6) 55. Rxg4 Rg5 (55... g6 {with more complications.} 56. Rb4 Kg5 57. Kf3 Rf5+ 58. Kg3 Kf6) 56. Rxg5+ Kxg5 {KPP-KPP} 57. c3 Kf5 58. b3 Ke4 59. c4 bxc4 60. bxc4 Kd4 61. Kg4 g5 62. Kxg5 Kxc4 {White happily takes the draw.  Weighted Error Value: White=0.29/Black=0.21} 1/2-1/2

[Event "XII Closed IM BCC 2021"]
[Site "Barcelona"]
[Date "2021.03.21"]
[Round "7.2"]
[White "Serra Canals, Oriol"]
[Black "Alvarez Albiol, Victor"]
[Result "1/2-1/2"]
[WhiteElo "2220"]
[BlackElo "2246"]
[Annotator "ChessBase"]
[PlyCount "83"]
[EventDate "2021.03.15"]
[EventType "tourn"]
[EventCountry "ESP"]
[SourceTitle "playchess.com"]
[Source "ChessBase"]
[SourceQuality "1"]
[TimeControl "5400+30"]

1. Nf3 {[%emt 0:00:00]} Nf6 {[%emt 0:00:00]} 2. g3 {[%emt 0:00:08]} g6 {[%emt 0:00:00]} 3. Bg2 {[%emt 0:00:18]} Bg7 {[%emt 0:00:00]} 4. d4 {[%emt 0:01:17]} O-O {[%emt 0:00:10]} 5. O-O {[%emt 0:00:04]} d6 {[%emt 0:00:06]} 6. c4 {[%emt 0:00:49]} c5 {[%emt 0:00:06]} 7. Nc3 {[%emt 0:03:57]} Nc6 {[%emt 0:00:18]} 8. d5 {[%emt 0:00:56]} Na5 {[%emt 0:00:16]} 9. Qd3 {[%emt 0:02:09]} a6 {[%emt 0:01:32]} 10. h3 {[%emt 0:02:11]} Rb8 {[%emt 0:01:16]} 11. Rb1 {[%emt 0:06:20]} b5 {[%emt 0:00:53]} 12. cxb5 {[%emt 0:00:08]} axb5 {[%emt 0:00:05]} 13. b4 {[%emt 0:00:46]} c4 {[%emt 0:13:28]} 14. Qc2 {[%emt 0:01:31]} Nb7 {[%emt 0:02:38]} 15. Nd4 {[%emt 0:04:39]} Nxd5 {[%emt 0:07:15]} 16. Nc6 {[%emt 0:01:50]} Nxc3 {[%emt 0:00:20]} 17. Nxd8 {[%emt 0:00:06]} Nxd8 {[%emt 0:05:03]} 18. Bb2 {[%emt 0:12:17]} Nxb1 {[%emt 0:03:01]} 19. Bxg7 {[%emt 0:00:06]} Kxg7 {[%emt 0:00:26]} 20. Rxb1 {[%emt 0:00:06]} Bb7 {[%emt 0:11:39]} 21. Bxb7 {[%emt 0:06:58]} Rxb7 {[%emt 0:00:36]} 22. a4 {[%emt 0:00:19]} bxa4 {[%emt 0:10:44]} 23. Qxa4 {[%emt 0:00:06]} Ne6 {[%emt 0:01:06]} 24. Qa6 {[%emt 0:11:37]} Rc7 {[%emt 0:04:35]} 25. b5 {[%emt 0:09:06]} Rb8 {[%emt 0:07:05]} 26. Kg2 {[%emt 0:03:25]} c3 {[%emt 0:06:56]} 27. Qa1 {[%emt 0:01:45]} Kg8 {[%emt 0:03:07]} 28. b6 {[%emt 0:10:07]} c2 {[%emt 0:01:18]} 29. bxc7 {[%emt 0:00:48]} cxb1=Q {[%emt 0:00:20]} 30. Qxb1 {[%emt 0:00:27]} Rxb1 {[%emt 0:00:12]} 31. c8=Q+ {[%emt 0:00:10]} Kg7 {[%emt 0:00:24]} 32. h4 {[%emt 0:00:36]} h5 {[%emt 0:00:29]} 33. f3 {[%emt 0:01:39]} Rb5 {[%emt 0:01:38]} 34. Kf2 {[%emt 0:01:40]} Re5 {[%emt 0:02:17]} 35. f4 {[%emt 0:00:23]} Re4 {[%emt 0:01:16]} 36. Kf3 {[%emt 0:03:43]} f5 {[%emt 0:01:47]} 37. e3 {[%emt 0:01:05]} Nf8 {[%emt 0:02:02]} 38. Qc3+ {[%emt 0:01:59]} Kg8 {[%emt 0:00:19]} 39. Qb3+ {[%emt 0:00:09]} Kg7 {[%emt 0:00:12]} 40. Ke2 {[%emt 0:00:28]} Nh7 {[%emt 0:01:01]} 41. Kd2 {[%emt 0:03:14]} Nf6 {[%emt 0:00:16]} 42. Qb2 {[%emt 0:01:26]} 1/2-1/2

[Event "XII Closed IM BCC 2021"]
[Site "Barcelona"]
[Date "2021.03.21"]
[Round "7.3"]
[White "Benedetti, Julio"]
[Black "Gines Esteo, Pedro Antonio"]
[Result "0-1"]
[WhiteElo "2282"]
[BlackElo "2443"]
[Annotator "ChessBase"]
[PlyCount "74"]
[EventDate "2021.03.15"]
[EventType "tourn"]
[EventCountry "ESP"]
[SourceTitle "playchess.com"]
[Source "ChessBase"]
[SourceQuality "1"]
[TimeControl "5400+30"]

1. e4 {[%emt 0:12:08]} c6 {[%emt 0:00:00]} 2. d4 {[%emt 0:00:12]} d5 {[%emt 0:00:00]} 3. e5 {[%emt 0:00:16]} Bf5 {[%emt 0:00:00]} 4. Nf3 {[%emt 0:00:18]} e6 {[%emt 0:00:00]} 5. Be2 {[%emt 0:00:20]} Nd7 {[%emt 0:00:59]} 6. O-O {[%emt 0:00:39]} Ne7 {[%emt 0:00:05]} 7. Nbd2 {[%emt 0:00:30]} h6 {[%emt 0:00:07]} 8. Nb3 {[%emt 0:00:28]} g5 {[%emt 0:00:42]} 9. Ne1 {[%emt 0:00:30]} Qc7 {[%emt 0:00:10]} 10. Nd3 {[%emt 0:00:34]} b6 {[%emt 0:05:01]} 11. Be3 {[%emt 0:03:40]} Bg7 {[%emt 0:00:29]} 12. f4 {[%emt 0:01:57]} c5 {[%emt 0:00:07]} 13. dxc5 {[%emt 0:04:03]} gxf4 {[%emt 0:01:04]} 14. cxb6 {[%emt 0:01:03]} axb6 {[%emt 0:00:07]} 15. Bxf4 {[%emt 0:01:22]} Ng6 {[%emt 0:00:17]} 16. Bg3 {[%emt 0:04:28]} Ndxe5 {[%emt 0:19:32]} 17. Rxf5 {[%emt 0:14:22]} exf5 {[%emt 0:02:45]} 18. Nd4 {[%emt 0:00:38]} f4 {[%emt 0:11:00]} 19. Nxf4 {[%emt 0:01:12]} Qc5 {[%emt 0:03:22]} 20. Bb5+ {[%emt 0:04:33]} Kf8 {[%emt 0:02:32]} 21. Bf2 {[%emt 0:11:13]} Nxf4 {[%emt 0:08:40]} 22. Ne6+ {[%emt 0:00:51]} Nxe6 {[%emt 0:00:27]} 23. Bxc5+ {[%emt 0:00:05]} bxc5 {[%emt 0:00:23]} 24. Qxd5 {[%emt 0:00:24]} Rd8 {[%emt 0:00:49]} 25. Qb7 {[%emt 0:01:09]} Bf6 {[%emt 0:04:59]} 26. a4 {[%emt 0:01:46]} Kg7 {[%emt 0:03:43]} 27. c3 {[%emt 0:00:12]} Rd2 {[%emt 0:15:00]} 28. Bf1 {[%emt 0:00:57]} Rhd8 {[%emt 0:04:08]} 29. a5 {[%emt 0:01:35]} R8d7 {[%emt 0:06:11]} 30. Qb5 {[%emt 0:01:28]} R7d5 {[%emt 0:05:00]} 31. a6 {[%emt 0:02:33]} Nf4 {[%emt 0:02:20]} 32. Qb7 {[%emt 0:10:17]} Nh3+ {[%emt 0:01:04]} 33. Kh1 {[%emt 0:00:12]} Nf3 {[%emt 0:01:20]} 34. gxf3 {[%emt 0:02:42]} Nf2+ {[%emt 0:00:08]} 35. Kg1 {[%emt 0:00:12]} Rg5+ {[%emt 0:00:06]} 36. Bg2 {[%emt 0:00:07]} Nh3+ {[%emt 0:00:06]} 37. Kh1 {[%emt 0:01:28]} Rdxg2 {[%emt 0:00:15]} 0-1

[Event "XII Closed IM BCC 2021"]
[Site "Barcelona"]
[Date "2021.03.21"]
[Round "7.4"]
[White "Hernandez, Cristian Andres"]
[Black "Garcia Ramos, Daniel"]
[Result "1/2-1/2"]
[WhiteElo "2355"]
[BlackElo "2397"]
[Annotator "ChessBase"]
[PlyCount "27"]
[EventDate "2021.03.15"]
[EventType "tourn"]
[EventCountry "ESP"]
[SourceTitle "playchess.com"]
[Source "ChessBase"]
[SourceQuality "1"]
[TimeControl "5400+30"]

1. c4 {[%emt 0:00:00]} c6 {[%emt 0:01:40]} 2. Nf3 {[%emt 0:00:12]} Nf6 {[%emt 0:00:30]} 3. Nc3 {[%emt 0:00:22]} d5 {[%emt 0:00:11]} 4. e3 {[%emt 0:00:07]} e6 {[%emt 0:00:20]} 5. Qc2 {[%emt 0:00:13]} Bd6 {[%emt 0:01:16]} 6. b3 {[%emt 0:00:33]} O-O {[%emt 0:04:29]} 7. Bb2 {[%emt 0:00:05]} e5 {[%emt 0:00:49]} 8. cxd5 {[%emt 0:00:32]} cxd5 {[%emt 0:00:06]} 9. Nb5 {[%emt 0:00:06]} Nc6 {[%emt 0:00:09]} 10. Nxd6 {[%emt 0:00:07]} Qxd6 {[%emt 0:00:06]} 11. h3 {[%emt 0:12:02]} Bd7 {[%emt 0:21:59]} 12. Rc1 {[%emt 0:04:34]} Rac8 {[%emt 0:07:00]} 13. Qc5 {[%emt 0:03:42]} Qe6 {[%emt 0:06:48]} 14. Qa3 {[%emt 0:00:08]} 1/2-1/2

[Event "XII Closed IM BCC 2021"]
[Site "Barcelona"]
[Date "2021.03.21"]
[Round "7.5"]
[White "Alcala Gonzalez, Cesar"]
[Black "Boyer, Mahel"]
[Result "0-1"]
[WhiteElo "2110"]
[BlackElo "2333"]
[Annotator "TA"]
[PlyCount "188"]
[EventDate "2021.03.15"]
[EventType "tourn"]
[EventCountry "ESP"]
[SourceTitle "playchess.com"]
[Source "ChessBase"]
[SourceQuality "1"]

{[%evp 9,188,36,29,31,26,30,34,29,31,14,40,43,25,57,83,29,58,25,39,29,33,25,33,29,28,31,25,28,35,0,39,0,40,10,31,7,0,0,0,-17,-17,-12,13,12,9,8,12,8,8,8,11,11,15,10,24,16,22,18,33,0,31,8,8,12,6,0,0,0,8,6,28,19,42,22,29,21,27,0,0,0,0,0,0,-8,0,-84,-12,-54,-22,-17,-18,-22,-22,-27,-15,-23,-29,-22,0,0,0,0,0,0,0,0,0,0,0,0,0,0,0,0,0,0,0,0,-7,0,0,-8,0,-8,-8,-280,-93,-280,-202,-280,-280,-297,-272,-272,-279,-295,-295,-654,-295,-309,-57,-57,-57,-77,-77,-77,-77,-687,-718,-677,-687,-687,-654,-505,-88,-654,-577,-12210,-9545,-6625,-5600,-29970,-29971,-29971,-29972,-29973,-29972,-29972,-29973,-29975,-29976,-29976,-29977,-29976,-29975,-29978,-29979,-29982,-29983,-29982,-29983]} 1. d4 d5 2. c4 e6 3. Nc3 h6 4. Bf4 Nf6 5. e3 Bd6 6. Bxd6 {D31: Queen's Gambit Declined: Semi-Slav without ...Nf6 (+ Marshall Gambit and Noteboom) and Exchange Variation lines without ...Nf6.} Qxd6 7. Rc1 Qe7 8. Nf3 {White is slightly better.} O-O 9. Bd3 {[#]} b6 $146 ({Predecessor:} 9... dxc4 10. Bxc4 c5 11. O-O Nc6 12. dxc5 Qxc5 13. Qe2 Bd7 14. e4 Ng4 15. Bb3 Qh5 16. h3 {½-½ (85) Ulko,J (2451)-Danielian,O (2530) Moscow 2010}) 10. cxd5 exd5 11. O-O Nbd7 12. Qe2 ({White should play} 12. Nh4 $16) 12... Bb7 13. Rfd1 a6 14. b3 Rfe8 15. Rc2 c5 16. Rdc1 Qd6 17. h3 g6 18. Qd1 Rac8 19. Qe2 Ra8 20. Qd1 Kg7 21. Rd2 Rac8 22. dxc5 bxc5 23. Bc4 {[%cal Rc3d5]} Nb6 24. Qf1 Nxc4 25. bxc4 Qe6 26. cxd5 Nxd5 27. Qc4 {[%cal Rc3d5]} Nb6 28. Qxe6 Rxe6 29. Rdc2 Bxf3 30. gxf3 Rec6 31. Kf1 f5 32. Ke2 Kf7 33. Rb1 Ke6 34. Rcb2 Nd7 35. Rb7 (35. Rg1 {is interesting.} Kf6 36. Rd2 Ne5 37. f4 Nc4 38. Rd7) 35... R8c7 36. Rxc7 Rxc7 $11 {[%mdl 4096] Endgame KRN-KRN} 37. Rg1 Kf7 38. Rb1 Rc6 39. f4 Nb6 40. h4 Ke6 41. Rg1 Kf7 42. Rd1 Ke7 43. Nd5+ Ke6 44. Nxb6 Rxb6 {KR-KR} 45. Rd2 Rb1 46. Kf3 Rh1 47. Kg3 (47. Rb2 $11) 47... c4 (47... a5 $1 $17) 48. Rd4 c3 49. Rc4 Rc1 {White must now prevent ...Kd5.} 50. Kf3 Kd5 51. Rc8 a5 52. a4 Rc2 53. Rc7 Ra2 (53... h5 {with more complications.} 54. Rc8 Ra2 55. Rxc3 Rxa4 56. Ke2 Ra2+) 54. Rxc3 Rxa4 55. Rc8 Rc4 56. Ra8 Rc5 57. Ke2 Kc6 58. Kd3 Kb7 59. Rg8 (59. Kd4 {seems wilder.} Rb5 60. Rg8 Rb6 61. Kc5 a4 62. Rg7+) 59... Rc6 60. Rd8 a4 61. Rd4 Ra6 {next ...a3 is good for Black.} 62. Kc2 a3 {Strongly threatening ...a2.} 63. Kb1 a2+ 64. Ka1 Kc6 65. Rd8 Kc5 66. Rd7 Kc4 67. Rd8 $2 {[%mdl 8192]} (67. h5 $1 $11) 67... h5 $1 $19 68. Rd7 $2 (68. Rd4+ $17 Kc3 69. Rd5) 68... Kc3 69. Rd8 {[#]} Rb6 $1 {[%cal Rb6b1]} 70. Kxa2 Rb2+ 71. Ka3 {And now Rc8+ would win.} Rxf2 72. Rd6 Rg2 73. Rd1 $2 (73. Ka4 Kc4 74. Rd4+ Kc5 75. Kb3) 73... Rg3 (73... Rg4 $142 74. Rd6 Rxh4 75. Rxg6 Rh1) 74. Rd6 Kc4 $2 ({Weaker is} 74... Rxe3 75. Rxg6 Rh3 76. Rg5 $17) (74... Rg4 $19 75. Ka2 Rxh4 76. Rxg6 Rh2+ 77. Ka3 h4) 75. Kb2 $15 Kc5 76. Re6 Kd5 {Black continues to play with concentration.} 77. Re5+ {[#]} Kc4 $1 {[%cal Rc4d3] aiming for ...Kd3.} 78. e4 $2 {[%mdl 8192]} (78. Kc2 $17) 78... Rg2+ $19 79. Ka3 fxe4 80. Rxe4+ Kd5 81. Re5+ Kd6 $2 (81... Kd4 $19 {is more deadly.} 82. Re6 Rg4) 82. Re8 $2 {[%mdl 8192]} (82. Kb3 $17) 82... Rg4 83. Rg8 Ke6 84. Kb3 Kf7 85. Rh8 Rxf4 {Black mates.} 86. Kc3 Rxh4 87. Kd3 Kg7 88. Ra8 Rf4 89. Ra5 Kf6 90. Ke3 g5 91. Ra8 Kf5 92. Rh8 Kg4 93. Rg8 h4 94. Rg7 h3 {Weighted Error Value: White=0.11/Black=0.10} 0-1

[Event "XII Closed IM BCC 2021"]
[Site "Barcelona"]
[Date "2021.03.22"]
[Round "8.1"]
[White "Girel, Joseph"]
[Black "Boyer, Mahel"]
[Result "1/2-1/2"]
[WhiteElo "2310"]
[BlackElo "2333"]
[Annotator "TA"]
[PlyCount "60"]
[EventDate "2021.03.15"]
[EventType "tourn"]
[EventCountry "ESP"]
[SourceTitle "playchess.com"]
[Source "ChessBase"]
[SourceQuality "1"]

{[%evp 17,60,4,3,2,8,14,8,0,56,16,30,-19,-19,-5,-15,-19,-20,-19,-18,-18,-18,-18,-18,-16,-14,-14,45,-14,-10,-13,0,0,0,0,0,0,0,0,0,0,0,0,0,0,0]} 1. e4 e5 2. Nf3 Nc6 3. Bc4 Bc5 4. c3 Nf6 5. d4 exd4 6. e5 d5 7. Bb5 Ne4 8. cxd4 Bb6 9. Nc3 O-O 10. Be3 {C54: Giuoco Piano: 4 c3 Nf6, main lines with 5 d4 and 5 d3.} Bg4 11. h3 Bh5 12. Qc2 f5 {[#]} ({Better is} 12... Nxc3 $11 13. Bxc6 Nxa2 14. Bxb7 (14. Rxa2 bxc6 15. Qxc6 f6 $15) 14... Rb8) 13. Nxd5 $1 {Strongly threatening Nf4.} Ba5+ $1 (13... Qxd5 $2 14. Bc4 $18) 14. Kf1 {[#]} (14. Nc3 Nxc3 15. bxc3 Bxf3 $17) (14. Ke2 {seems wilder.} Nxd4+ 15. Bxd4 Nd2 16. Qc5 Ne4 17. Qc4) 14... Bxf3 $146 ({But not} 14... Qxd5 $2 15. Bc4 $18) ({Predecessor:} 14... Kh8 15. Bxc6 bxc6 16. Nf4 Bf7 17. Qa4 Bb6 18. Qxc6 g5 19. Ne6 Bxe6 20. Qxe6 f4 {1-0 (39) Kowalski,I (2088)-Holownia,M (2006) Szklarska Poreba 2016}) 15. Bxc6 {[#]} Nxf2 $1 16. gxf3 (16. Nf4 Bxc6) 16... Nxh1 17. Bxb7 Rb8 {[%cal Rb8b7]} 18. Bc6 {Kg2 is the strong threat.} f4 $1 {[%cal Rf4e3]} 19. Bxf4 {[#]} ({Don't play} 19. Nxf4 Ng3+ 20. Kg2 Nf5 $17) 19... Rxf4 $1 20. Nxf4 Qxd4 21. Nd3 {Threatens to win with Kg2.} ({Avoid the trap} 21. Bd5+ $2 Kh8 $19) 21... Ng3+ 22. Kg2 Nf5 {And now ...Ne3+ would win.The position is equal.} 23. Kh2 {[#]} Qxd3 $1 {[%mdl 64] Remove Defender} 24. Qxd3 Rxb2+ 25. Kg1 Bb6+ 26. Kf1 Ne3+ 27. Kg1 {White threatens Qd8+ and mate.} Ng4+ 28. Kf1 Ne3+ 29. Kg1 {Threatening mate with Qd8+.} Nf5+ 30. Kf1 {White wants to mate with Qd8+.} Ne3+ {Weighted Error Value: White=0.06/Black=0.06} 1/2-1/2